| 000 | 00901nam0a22002531 4500 | ||
|---|---|---|---|
| 001 | rc\3011630 | ||
| 005 | 20250806201035.0 | ||
| 035 | _a(NLR Aleph) 007154133 | ||
| 090 |
_a5051 _c5051 |
||
| 100 | _a20110923d1941 u y0rusy50 ca | ||
| 101 | 0 | _arus | |
| 102 | _aRU | ||
| 105 | _ay z ||||| | ||
| 200 | 1 |
_aСоветские патриотки у станков куют победу над фашизмом _fИ. Бровер, д-р экон. наук _gАкад. наук СССР. Ин-т экономики |
|
| 210 |
_aСвердловск _cПрофиздат _d1941 |
||
| 215 |
_a29, [3] с. _d16 см |
||
| 700 | 1 |
_aБровер _bИ.М. _gИзраиль Моисеевич |
|
| 801 | 0 |
_aRU _bNLR _gpsbo |
|
| 801 | 1 |
_aRU _bELAR _2rusmarc |
|
| 852 |
_aNLR _jИр50 Г-2/59 |
||
| 942 | _cBOOK | ||
| 945 | _aРоссийская национальная библиотека | ||
| 980 | _aNB | ||
| 980 | _aBV | ||